Criminal justice ethics

Bibliographic Details
Format: Unknown
Language:English
Published: New York : John Jay College of Criminal Justice
Subjects:
Online Access:Acceso restringido

MARC

LEADER 00000ny a22000003n 4500
005 20110511102134.0
008 040115c19821995enk 0engd
022 |a 0731-129X 
035 |a 2833 
040 |a UK-CbPIL  |d vLex 
090 |c 1607  |d 1607 
245 3 0 |a Criminal justice ethics  |h [Recurso electrn̤ico] 
256 |a Servicio en ln̕ea 
260 |a New York :  |b John Jay College of Criminal Justice 
310 |a Semestral 
650 0 4 |a Procedimiento penal  |x Publicaciones perid̤icas 
650 0 4 |a Philosophy and religion 
740 0 |a vLex Revista (Servicios en ln̕ea) 
843 |a Electrn̤ica. Abierta 
853 |8 1  |i (year)  |j (month)  |k (day) 
856 4 0 |u http://vlex.com/source/2833  |z Acceso restringido 
942 |c REV